00721nam a2200193Ia 4500003000400000005001700004008004100021040000700062041000800069082002200077100005600099245006800155260003900223365001400262906007300276942001200349999001900361952014700380OSt20230522152226.0210423s1999 xx 000 0 und d cAL aeng a362.73 223bSMIP aSMITH (Susan Livingston);HOWARD (Jeanne A).9110580 aPromoting successful adoptions: practice with trouble families. aNew DelhibSage Publicationsc1999 b2053cINR aadoptions: ; families. ; practice ; Promoting ; successful ; trouble 2ddccBK c172732d172732 001040708MSWaSACPGbSACPGd2002-04-01eSita Book Houseg2053.00l1o362.73 SMIPpPG019286r2023-03-08 00:00:00s2023-03-04w2021-04-26yBK